[Event "Nationale I"]
[Site "Clermont Ferrand"]
[Date "2003.05.09"]
[Round "10.1"]
[White "Tkachiev, Vladislav"]
[Black "Van Wely, Loek"]
[Result "1-0"]
[WhiteElo "2643"]
[BlackElo "2675"]
[PlyCount "129"]
[EventDate "2003.05.07"]
[Source "Roberto Alvarez"]
[SourceDate "2003.05.12"]

1. d4 Nf6 2. c4 g6 3. g3 Bg7 4. Bg2 d5 5. cxd5 Nxd5 6. Nf3 Nb6 7. Nc3 Nc6 8. e3 e5 9. d5 Nb4 10. e4 c6 11. a3 Na6 12. a4 O-O 13. a5 Nc4 14. Qb3 cxd5 15. Nxd5 Nxa5 16. Qc3 b6 17. b4 Bb7 18. bxa5 Bxd5 19. axb6 axb6 20. exd5 e4 21. Nd4 Qxd5 22. Be3 Rfc8 23. Qd2 Rc4 24. O-O Rxd4 25. Bxd4 Qxd4 26. Qxd4 Bxd4 27. Ra4 Bc3 28. Bxe4 Ra7 29. Bd3 Ba5 30. Bxa6 Rxa6 31. Rd1 Ra7 32. g4 Kg7 33. Rad4 Bc3 34. Rd7 Ra4 35. h3 Rf4 36. Kg2 b5 37. R1d3 b4 38. Rb7 h6 39. Rf3 Rf6 40. Rxf6 Kxf6 41. Kf3 h5 42. gxh5 gxh5 43. Rb5 Kg6 44. Ke4 Be1 45. f4 Bc3 46. Rb6+ f6 47. Rc6 Bb2 48. Rd6 Bc3 49. Rd3 Be1 50. Re3 Bd2 51. Rg3+ Kf7 52. Kf5 Ke7 53. Rd3 Bc3 54. Ke4 Kf7 55. f5 Kg7 56. Rg3+ Kh7 57. Kd5 Be5 58. Re3 Kh6 59. Ke6 Bd4 60. Rg3 Be5 61. Rg6+ Kh7 62. Kf7 h4 63. Rg4 Kh6 64. Rxb4 Kg5 65. Ke6 1-0

[Event "ICC GM Fights 1"]
[Site "Internet"]
[Date "1999.05.22"]
[Round "5"]
[White "Annakov, Babakuli"]
[Black "Svidler, Peter"]
[Result "1/2-1/2"]
[WhiteElo "2600"]
[BlackElo "2713"]
[PlyCount "59"]
[EventDate "1999.05.??"]
[Source "ChessBase"]
[SourceDate "1999.07.10"]

1. d4 Nf6 2. c4 g6 3. Nc3 d5 4. cxd5 Nxd5 5. g3 Bg7 6. Bg2 Nxc3 7. bxc3 c5 8. e3 Qa5 9. Bd2 O-O 10. Ne2 Nc6 11. O-O Qa6 12. Nf4 Bd7 13. Re1 Rac8 14. Bf1 Qa3 15. Rb1 b6 16. Qb3 Qxb3 17. axb3 e5 18. dxe5 Nxe5 19. Bg2 Bg4 20. Ra1 Nf3+ 21. Bxf3 Bxf3 22. e4 Rfe8 23. Rxa7 Rcd8 24. Nd5 Rxe4 25. Rxe4 Bxe4 26. c4 Bxd5 27. cxd5 h5 28. Bf4 Rxd5 29. Rb7 g5 30. Be3 1/2-1/2

[Event "EU-chT (Men)"]
[Site "Batumi"]
[Date "1999.12.06"]
[Round "8.1"]
[White "Jussupow, Artur"]
[Black "Krasenkow, Michal"]
[Result "1/2-1/2"]
[WhiteElo "2636"]
[BlackElo "2647"]
[PlyCount "27"]
[EventDate "1999.11.06"]
[Source "ChessBase"]
[SourceDate "2000.02.01"]

1. d4 Nf6 2. c4 g6 3. g3 c6 4. Bg2 d5 5. cxd5 cxd5 6. Nc3 Bg7 7. e3 O-O 8. Nge2 Nc6 9. O-O b6 10. b3 Ba6 11. Ba3 Qd7 12. Qd2 Rfc8 13. Rfc1 Rc7 14. Nf4 1/2-1/2

[Event "XXII Rapid"]
[Site "Villarrobledo SPA"]
[Date "2007.08.05"]
[Round "8"]
[White "Evdokimov, Alexa"]
[Black "Shirov, A."]
[Result "1-0"]
[WhiteElo "2544"]
[BlackElo "2735"]
[PlyCount "77"]
[EventDate "2007.08.04"]
[Source "www.chesslib.no"]
[SourceDate "2004.05.04"]

1. d4 Nf6 2. c4 g6 3. Nc3 d5 4. cxd5 Nxd5 5. g3 Bg7 6. Bg2 Nxc3 7. bxc3 c5 8. e3 Nc6 9. Ne2 O-O 10. O-O cxd4 11. cxd4 Be6 12. Rb1 Bxa2 13. Rxb7 Bd5 14. e4 Bc4 15. d5 Na5 16. Rb4 e6 17. Re1 Re8 18. Be3 Bf8 19. Rb1 exd5 20. exd5 Qd7 21. Qd2 Nb7 22. Rec1 Nd6 23. Nd4 Bg7 24. Nc6 Ne4 25. Bxe4 Rxe4 26. Rb4 Bxd5 27. Rxe4 Bxc6 28. Qxd7 Bxd7 29. Re7 Be6 30. Rxa7 Rxa7 31. Bxa7 h5 32. Rd1 Bf6 33. Bd4 Be7 34. Ra1 Kh7 35. h4 g5 36. Ra7 Bd8 37. Ra8 Be7 38. Re8 Bd6 39. Rh8+ 1-0

[Event "4th IECC"]
[Site "Istanbul"]
[Date "2003.05.30"]
[Round "1"]
[White "Kempinski, Robert"]
[Black "Van Wely, Loek"]
[Result "1/2-1/2"]
[WhiteElo "2553"]
[BlackElo "2675"]
[PlyCount "120"]
[EventDate "2003.05.30"]
[Source "Roberto Alvarez"]
[SourceDate "2003.06.23"]

1. d4 Nf6 2. c4 g6 3. g3 Bg7 4. Bg2 d5 5. cxd5 Nxd5 6. e4 Nb4 7. d5 c6 8. a3 Qa5 9. Nc3 cxd5 10. Be3 N4c6 11. exd5 Ne5 12. Bd4 Bf5 13. Bxe5 Bxe5 14. Nge2 Qb6 15. Na4 Qd6 16. O-O O-O 17. Re1 Bg4 18. h3 Bxe2 19. Qxe2 Nd7 20. Qb5 Rab8 21. Rac1 a6 22. Qe2 Rbc8 23. b4 Bd4 24. Kh2 Rxc1 25. Rxc1 h5 26. Qd2 Ba7 27. h4 Ne5 28. Nc5 Rc8 29. Ne4 Ng4+ 30. Kg1 Rxc1+ 31. Qxc1 Qe5 32. Qf4 Qd4 33. Bh3 Qd1+ 34. Bf1 Kg7 35. Nc5 Bxc5 36. bxc5 Qxd5 37. Bc4 Qd1+ 38. Kg2 e6 39. Qe4 Qh1+ 40. Kxh1 Nxf2+ 41. Kg2 Nxe4 42. c6 b5 43. Be2 Nd6 44. c7 Kf6 45. Bf3 a5 46. Kf2 Ke7 47. Bc6 b4 48. axb4 axb4 49. Ke2 e5 50. Kd3 f5 51. Kc2 e4 52. Kb3 e3 53. Bb5 e2 54. Bxe2 Kd7 55. Bf3 Kxc7 56. Kxb4 f4 57. gxf4 Nf5 58. Bd5 Nxh4 59. Bf7 Kd6 60. f5 Nxf5 1/2-1/2

[Event "Beersheba 16th"]
[Site "Beersheba"]
[Date "1997.??.??"]
[Round "3"]
[White "Kortschnoj, Viktor"]
[Black "Dvoirys, Semen I"]
[Result "1/2-1/2"]
[WhiteElo "2635"]
[BlackElo "2590"]
[PlyCount "86"]
[EventDate "1997.02.24"]
[Source "ChessBase"]

1. d4 Nf6 2. c4 g6 3. Nc3 d5 4. cxd5 Nxd5 5. g3 Bg7 6. Bg2 Nb6 7. e3 O-O 8. Nge2 e5 9. d5 c6 10. e4 cxd5 11. exd5 Na6 12. O-O Bf5 13. a3 Qd7 14. b3 Bh3 15. Be3 Bxg2 16. Kxg2 Rfd8 17. Bxb6 axb6 18. b4 Nc7 19. Qb3 e4 20. Rad1 Nb5 21. Nxb5 Qxb5 22. Rfe1 Qa4 23. Qxa4 Rxa4 24. Nf4 Rxa3 25. Rxe4 Bf8 26. Red4 Bd6 27. Ne6 Rc8 28. Ng5 Rb3 29. Ne4 Be5 30. Nd2 Rxg3+ 31. hxg3 Bxd4 32. d6 f5 33. Ne4 fxe4 34. Rxd4 Rd8 35. Rxe4 Rxd6 36. Re7 Rd4 37. Rxb7 Rxb4 38. f4 h6 39. Kh3 Rb3 40. Kh4 Rb5 41. g4 Rb4 42. Kg3 Rb3+ 43. Kh4 Rb4 1/2-1/2

[Event "Camp. russo a squadre 2007"]
[Site "Sochi RUS"]
[Date "2007.05.07"]
[Round "6"]
[White "Bocharov, D."]
[Black "Roiz, M."]
[Result "0-1"]
[WhiteElo "2614"]
[BlackElo "2605"]
[PlyCount "116"]
[EventDate "2007.05.02"]
[Source "www.chesslib.no"]
[SourceDate "2004.05.04"]

1. d4 Nf6 2. c4 g6 3. Nf3 Bg7 4. g3 d5 5. cxd5 Nxd5 6. Bg2 Nb6 7. Nc3 Nc6 8. e3 e5 9. d5 Ne7 10. e4 Bg4 11. h3 Bxf3 12. Qxf3 c6 13. O-O cxd5 14. exd5 Nf5 15. b3 O-O 16. Ba3 Nd4 17. Qd3 Re8 18. Rac1 Nc8 19. f4 Qa5 20. Bb2 Nd6 21. fxe5 Bxe5 22. Rce1 Bg7 23. Kh2 Rxe1 24. Rxe1 N4b5 25. Nxb5 Bxb2 26. Re2 Qxb5 27. Qxb5 Nxb5 28. Rxb2 Rc8 29. Re2 Kf8 30. g4 Re8 31. Rc2 Ke7 32. d6+ Nxd6 33. Bxb7 Nxb7 34. Rc7+ Kf6 35. Rxb7 Re2+ 36. Kg3 Rxa2 37. g5+ Kxg5 38. Rxf7 h6 39. Rb7 Kh5 40. Rb5+ g5 41. h4 Ra3 42. hxg5 hxg5 43. Rb8 a5 44. Rh8+ Kg6 45. Rg8+ Kf6 46. Rf8+ Ke6 47. Kg4 Rxb3 48. Kxg5 a4 49. Ra8 a3 50. Ra5 Kd6 51. Kf4 Kc6 52. Ke4 Kb6 53. Ra8 Kc5 54. Rc8+ Kb4 55. Kd4 a2 56. Ra8 Rb2 57. Kd3 Rh2 58. Rb8+ Ka3 0-1

[Event "Europa ch 2008"]
[Site "Plovdiv BUL"]
[Date "2008.04.26"]
[Round "6.40"]
[White "Iljin, Artem"]
[Black "Roiz, Michael"]
[Result "1/2-1/2"]
[WhiteElo "2556"]
[BlackElo "2659"]
[PlyCount "23"]
[EventDate "2008.04.21"]
[Source "www.chesslib.no"]
[SourceDate "2004.05.04"]

1. d4 Nf6 2. c4 g6 3. g3 c6 4. Bg2 d5 5. Qa4 Nfd7 6. cxd5 Nb6 7. Qb3 cxd5 8. Nc3 Nc6 9. e3 Bg7 10. Nge2 e6 11. O-O O-O 12. Rd1 1/2-1/2

[Event "Monarch Assurance"]
[Site "Isle of Man"]
[Date "2007.09.29"]
[Round "8.2"]
[White "Drozdovskij, Yuri"]
[Black "Areshchenko, Alexander"]
[Result "1/2-1/2"]
[WhiteElo "2567"]
[BlackElo "2645"]
[PlyCount "88"]
[EventDate "2007.09.22"]
[Source "www.chesslib.no"]
[SourceDate "2004.05.04"]

1. d4 Nf6 2. c4 g6 3. Nf3 Bg7 4. g3 d5 5. cxd5 Nxd5 6. Bg2 Nb6 7. Nc3 Nc6 8. Bf4 O-O 9. O-O Be6 10. Rc1 h6 11. h4 Rc8 12. Qd2 Nc4 13. Qc2 Nxd4 14. Nxd4 Qxd4 15. Rfd1 Qb6 16. Na4 Qb4 17. b3 b5 18. Nc3 Na3 19. Qd2 c5 20. Bxh6 Qd4 21. Qxd4 cxd4 22. Bxg7 Kxg7 23. Nd5 Bxd5 24. Bxd5 Rc3 25. b4 Rfc8 26. Rxc3 dxc3 27. Rc1 e6 28. Bb3 a5 29. bxa5 b4 30. f3 Ra8 31. Kf2 Rxa5 32. Ke3 e5 33. Kd3 Rc5 34. g4 f5 35. e3 Rc7 36. Ke2 Rd7 37. Rd1 Rc7 38. Rc1 Kf6 39. Rd1 f4 40. exf4 exf4 41. Rd6+ Kg7 42. Kd1 c2+ 43. Kc1 Rc3 44. Rd7+ Kh8 1/2-1/2

[Event "ICC GM Fights 1"]
[Site "Internet"]
[Date "1999.05.22"]
[Round "3"]
[White "Annakov, Babakuli"]
[Black "Sutovsky, Emil"]
[Result "1/2-1/2"]
[WhiteElo "2600"]
[BlackElo "2612"]
[PlyCount "56"]
[EventDate "1999.05.??"]
[Source "ChessBase"]
[SourceDate "1999.07.10"]

1. d4 Nf6 2. c4 g6 3. Nc3 d5 4. cxd5 Nxd5 5. g3 Bg7 6. Bg2 Nb6 7. e3 O-O 8. Nge2 Na6 9. O-O c5 10. b3 cxd4 11. exd4 Nb4 12. Ba3 N6d5 13. Nxd5 Nxd5 14. Qd2 Bf5 15. Rac1 Re8 16. Rfd1 Qd7 17. Qa5 Nb6 18. d5 Bg4 19. Re1 Rad8 20. Nc3 Rc8 21. Na4 Rxc1 22. Rxc1 Nxa4 23. Qxa4 Qxa4 24. bxa4 Bf6 25. h3 Bd7 26. Rc7 Bxa4 27. Rxb7 a6 28. Bf1 Rd8 1/2-1/2

[Event "Enschede (Netherlands)"]
[Site "?"]
[Date "2005.05.??"]
[Round "2"]
[White "Aronian Levon"]
[Black "L'Ami Erwin"]
[Result "1-0"]
[WhiteElo "2693"]
[BlackElo "2515"]
[PlyCount "53"]
[EventDate "2005.??.??"]
[Source "www.chesslib.no"]
[SourceDate "2004.05.04"]

1. d4 Nf6 2. c4 g6 3. Nf3 Bg7 4. g3 d5 5. cxd5 Nxd5 6. Bg2 Nb6 7. Nc3 Nc6 8. e3 e5 9. d5 Nb4 10. e4 c6 11. O-O cxd5 12. Qb3 Na6 13. exd5 O-O 14. Bg5 Qc7 15. Rac1 f6 16. Be3 Qc4 17. Qd1 Rd8 18. a3 Bg4 19. h3 Bxf3 20. Bxf3 Kh8 21. b4 f5 22. Bxb6 axb6 23. Na4 Qb5 24. Be2 Qe8 25. Nxb6 Ra7 26. d6 Qe6 27. Qa4 1-0

[Event "New York op"]
[Site "New York"]
[Date "2000.05.10"]
[Round "8"]
[White "Tregubov, Pavel V"]
[Black "Dvoirys, Semen I"]
[Result "1/2-1/2"]
[WhiteElo "2615"]
[BlackElo "2591"]
[PlyCount "71"]
[EventDate "2000.05.05"]
[Source "ChessBase"]
[SourceDate "2000.07.11"]

1. d4 Nf6 2. c4 g6 3. g3 Bg7 4. Bg2 d5 5. cxd5 Nxd5 6. e4 Nb4 7. d5 c6 8. a3 Qa5 9. Nc3 cxd5 10. Bf4 N4c6 11. exd5 Ne5 12. Nge2 O-O 13. O-O Qa6 14. a4 Nbd7 15. Nb5 Qa5 16. Rc1 a6 17. Bd2 Qd8 18. Nc7 Rb8 19. Bb4 Nb6 20. d6 exd6 21. Bxd6 Bg4 22. Bxf8 Qxf8 23. h3 Rd8 24. Qc2 Bf5 25. Qb3 Nbc4 26. Rfd1 Rxd1+ 27. Rxd1 Nxb2 28. Rf1 Bd3 29. Re1 Bc4 30. Qxb7 Ned3 31. Rf1 Nc5 32. Qc6 Bxe2 33. Re1 Nb3 34. Rxe2 Nd4 35. Qxa6 Nxe2+ 36. Qxe2 1/2-1/2

[Event "CSR-ch"]
[Site "Sumperk"]
[Date "1984.??.??"]
[Round "10"]
[White "Hort, Vlastimil"]
[Black "Ftacnik, Lubomir"]
[Result "1/2-1/2"]
[WhiteElo "2615"]
[BlackElo "2570"]
[PlyCount "27"]
[EventDate "1984.06.??"]
[Source "ChessBase"]

1. d4 Nf6 2. c4 g6 3. g3 Bg7 4. Bg2 d5 5. Nc3 dxc4 6. Qa4+ Nfd7 7. e3 O-O 8. Qxc4 e5 9. Nge2 exd4 10. exd4 Nc6 11. Be3 Nb6 12. Qc5 Re8 13. O-O Bf5 14. Bxc6 1/2-1/2

[Event "Pivdenny Bank Cup"]
[Site "Odessa UKR"]
[Date "2007.07.04"]
[Round "3"]
[White "Drozdovskij, Y."]
[Black "Korchnoi, V."]
[Result "1/2-1/2"]
[WhiteElo "2558"]
[BlackElo "2623"]
[PlyCount "111"]
[EventDate "2007.07.04"]
[Source "www.chesslib.no"]
[SourceDate "2004.05.04"]

1. d4 Nf6 2. c4 g6 3. Nf3 Bg7 4. g3 d5 5. cxd5 Nxd5 6. Bg2 Nb6 7. O-O Nc6 8. Nc3 Nxd4 9. Nxd4 Bxd4 10. Nb5 Be5 11. Qxd8+ Kxd8 12. Rd1+ Nd7 13. f4 Bg7 14. Be3 a6 15. Na7 c6 16. Rac1 Bxb2 17. Rb1 Ba3 18. Nxc6+ Kc7 19. Na5 Rb8 20. Rb3 Bc5 21. Rxd7+ Bxd7 22. Bxc5 b6 23. Bd4 f6 24. Rc3+ Kd8 25. Nc6+ Bxc6 26. Rxc6 Kd7 27. Kf2 Rhc8 28. Rxb6 Rxb6 29. Bxb6 Kd6 30. a4 a5 31. Bxa5 Rc4 32. Bd2 Rxa4 33. g4 e5 34. e3 exf4 35. exf4 Ke6 36. Bf3 Ra2 37. Ke3 f5 38. g5 Ra3+ 39. Ke2 Ra2 40. h4 Ra3 41. Be3 Ra2+ 42. Kf1 Rb2 43. Kg1 Ra2 44. Bd4 Rd2 45. Be5 Rc2 46. Bg2 Ra2 47. Kh1 Ra3 48. Kh2 Rb3 49. Bf1 Kd5 50. Kg2 Ra3 51. Kf2 Ra2+ 52. Be2 Ke4 53. Bd6 Rc2 54. Be5 Ra2 55. Bc7 Rb2 56. Be5 1/2-1/2

[Event "RUS-Cup final"]
[Site "Samara"]
[Date "1998.08.30"]
[Round "2"]
[White "Filippov, Valerij"]
[Black "Dvoirys, Semen I"]
[Result "1/2-1/2"]
[WhiteElo "2595"]
[BlackElo "2585"]
[PlyCount "80"]
[EventDate "1998.08.??"]
[Source "ChessBase"]
[SourceDate "1998.11.30"]

1. d4 Nf6 2. Nf3 g6 3. c4 Bg7 4. g3 d5 5. cxd5 Nxd5 6. Bg2 Nb6 7. O-O Nc6 8. Nc3 Nxd4 9. Nxd4 Qxd4 10. Nb5 Qc4 11. Qb3 O-O 12. Qxc4 Nxc4 13. Nxc7 Rb8 14. Nd5 Re8 15. Bf4 Be5 16. Bxe5 Nxe5 17. Rac1 Kf8 18. Rc7 Bg4 19. Re1 Nc6 20. Ne3 Be6 21. Bxc6 bxc6 22. b3 Rec8 23. Rxc8+ Rxc8 24. Rc1 c5 25. Nc4 Ke8 26. Nd2 Bd5 27. e4 Bb7 28. f3 Kd7 29. Kf2 Ba6 30. Ke3 Kc6 31. e5 Rd8 32. Rc3 Rd5 33. f4 h6 34. Ne4 Kb6 35. h4 Bb5 36. Nf2 Bd7 37. Rc1 h5 38. Nd3 Bb5 39. Nf2 Bd7 40. Nd3 Bb5 1/2-1/2

[Event "57th ch-RUS Qualifier"]
[Site "St Petersburg"]
[Date "2004.05.21"]
[Round "1"]
[White "Tregubov, Pavel V"]
[Black "Belov, Vladimir"]
[Result "1/2-1/2"]
[WhiteElo "2636"]
[BlackElo "2543"]
[PlyCount "109"]
[EventDate "2004.05.01"]
[Source "Roberto Alvarez"]
[SourceDate "2004.05.31"]

1. d4 Nf6 2. c4 g6 3. g3 Bg7 4. Bg2 d5 5. cxd5 Nxd5 6. e4 Nb4 7. d5 c6 8. a3 Qa5 9. Nc3 cxd5 10. Bf4 N4c6 11. exd5 Nd4 12. Nf3 Bg4 13. O-O O-O 14. Re1 Qb6 15. Rb1 Nd7 16. Rxe7 Rac8 17. d6 g5 18. Bxg5 Qxd6 19. Ne4 Qg6 20. Nh4 Qxg5 21. Nxg5 Bxd1 22. Rxd1 Nc5 23. b4 Bf6 24. Ree1 Nce6 25. Nxe6 fxe6 26. Bxb7 Rc3 27. Re3 Rxe3 28. fxe3 Nc2 29. Ng2 Nxa3 30. Nf4 Rd8 31. Rc1 Bg5 32. Rc3 Nb1 33. Rc7 e5 34. Be4 exf4 35. exf4 Bf6 36. Bxh7+ Kh8 37. Bxb1 Rd1+ 38. Kg2 Rxb1 39. Rxa7 Rxb4 40. Kf3 Rb2 41. h4 Rb3+ 42. Kg2 Bc3 43. Re7 Bd2 44. f5 Kg8 45. Re6 Kf7 46. h5 Rb5 47. g4 Bg5 48. Rg6 Rb2+ 49. Kf3 Rb3+ 50. Ke2 Bf6 51. h6 Rh3 52. Kf2 Rh2+ 53. Kf3 Rh3+ 54. Kf4 Rh4 55. Kg3 1/2-1/2

[Event "Polanica Zdroj"]
[Site "?"]
[Date "1995.??.??"]
[Round "?"]
[White "Krasenkov, M."]
[Black "Ftacnik, L."]
[Result "1-0"]
[WhiteElo "2590"]
[BlackElo "2580"]
[PlyCount "73"]
[EventDate "1995.??.??"]
[Source "ChessBase"]
[SourceDate "1995.06.01"]

1. Nf3 Nf6 2. d4 g6 3. c4 Bg7 4. g3 d5 5. cxd5 Nxd5 6. Bg2 Nb6 7. Nc3 Nc6 8. e3 O-O 9. Qe2 Be6 10. b3 Bg4 11. Ba3 Re8 12. Rd1 e5 13. dxe5 Qc8 14. h3 Nxe5 15. hxg4 Nxf3+ 16. Bxf3 Bxc3+ 17. Kf1 c6 18. Kg2 Qe6 19. Rd6 Qe5 20. Rhd1 a5 21. R6d3 a4 22. Qc2 axb3 23. Qxb3 Ba5 24. Bb2 Qe6 25. Ba1 Nc4 26. Qxb7 Bb6 27. Bxc6 Ra7 28. Qxb6 Nxb6 29. Bxe8 Ra8 30. Bb5 f6 31. Rd6 Qxg4 32. R1d4 Qf5 33. Rxb6 Rc8 34. Bd7 Qc5 35. Rxf6 Rf8 36. Be6+ Kg7 37. Rf7+ 1-0

[Event "Beer Sheva g/30'"]
[Site "Beer Sheva"]
[Date "2004.04.19"]
[Round "6"]
[White "Kortschnoj, Viktor"]
[Black "Huzman, Alexander"]
[Result "1/2-1/2"]
[WhiteElo "2579"]
[BlackElo "2589"]
[PlyCount "61"]
[EventDate "2004.04.18"]
[Source "ChessBase"]
[SourceDate "2004.07.27"]

1. d4 Nf6 2. c4 g6 3. Nc3 d5 4. cxd5 Nxd5 5. g3 Bg7 6. Bg2 Nxc3 7. bxc3 c5 8. e3 Qa5 9. Ne2 cxd4 10. exd4 Nc6 11. O-O O-O 12. a4 Bf5 13. Ba3 Rfd8 14. Bxc6 bxc6 15. Bxe7 Re8 16. Bb4 Qd5 17. Nf4 Qc4 18. a5 Bh6 19. Qf3 Bxf4 20. Qxf4 Bh3 21. Rfe1 Qd5 22. Rxe8+ Rxe8 23. f3 c5 24. Bxc5 g5 25. Qf6 Re6 26. c4 Qxc5 27. Qd8+ Qf8 28. Qxg5+ Qg7 29. Qd8+ Qf8 30. Qg5+ Qg7 31. Qd8+ 1/2-1/2

[Event "URS Spartakiad"]
[Site "URS"]
[Date "1979.??.??"]
[Round "?"]
[White "Kuzmin, Gennadi P"]
[Black "Balashov, Yuri S"]
[Result "1/2-1/2"]
[WhiteElo "2565"]
[BlackElo "2600"]
[PlyCount "77"]
[EventDate "1979.??.??"]
[Source "ChessBase"]

1. d4 Nf6 2. c4 g6 3. Nf3 Bg7 4. g3 d5 5. cxd5 Nxd5 6. Bg2 Nb6 7. O-O Nc6 8. Nc3 Bg4 9. d5 Bxf3 10. Bxf3 Ne5 11. Bg2 O-O 12. Bf4 c6 13. Qb3 cxd5 14. Nxd5 Nxd5 15. Bxd5 Nc6 16. Bxc6 bxc6 17. Rfc1 Qd5 18. Qb7 Qb5 19. Qxb5 cxb5 20. Rc7 a5 21. Rd1 Rfd8 22. Rxd8+ Rxd8 23. b3 h6 24. Ra7 g5 25. Be3 Bc3 26. Rxe7 Rd1+ 27. Kg2 Ra1 28. Rc7 b4 29. a4 Rb1 30. Rc5 Rxb3 31. Rxa5 Ra3 32. Bc5 Ra2 33. Rb5 Rxa4 34. Kf3 Kg7 35. g4 Kf6 36. Ke4 b3+ 37. Kd3 Be5 38. Rxb3 Rxg4 39. h3 1/2-1/2

[Event "MK Cafe Cup-A"]
[Site "Koszalin"]
[Date "1999.08.08"]
[Round "6"]
[White "Shabalov, Alexander"]
[Black "Dvoirys, Semen I"]
[Result "1/2-1/2"]
[WhiteElo "2566"]
[BlackElo "2590"]
[PlyCount "48"]
[EventDate "1999.08.03"]
[Source "ChessBase"]
[SourceDate "1999.12.01"]

1. d4 Nf6 2. c4 g6 3. g3 Bg7 4. Bg2 d5 5. cxd5 Nxd5 6. e4 Nb4 7. d5 c6 8. a3 Qa5 9. Nc3 cxd5 10. Bf4 N4a6 11. Nge2 dxe4 12. b4 Qf5 13. O-O Nd7 14. b5 Nac5 15. Nd5 Ne6 16. Rc1 Nb6 17. Rc5 Nxd5 18. Rxd5 Qf6 19. Be5 Qxe5 20. Rxe5 Bxe5 21. Bxe4 O-O 22. Bg2 Rb8 23. a4 b6 24. Qd5 Bf6 1/2-1/2

[Event "XXIV ECC"]
[Site "Kallithea GRE"]
[Date "2008.10.21"]
[Round "5"]
[White "Rausis, I."]
[Black "Timofeev, Arty"]
[Result "1/2-1/2"]
[WhiteElo "2480"]
[BlackElo "2670"]
[PlyCount "122"]
[EventDate "2008.10.17"]
[Source "www.chesslib.no"]
[SourceDate "2004.05.04"]

1. d4 Nf6 2. c4 g6 3. g3 d5 4. cxd5 Nxd5 5. Bg2 Bg7 6. e4 Nb4 7. d5 c6 8. a3 Qa5 9. Nc3 cxd5 10. Bf4 N4c6 11. exd5 Ne5 12. Nge2 O-O 13. O-O Qa6 14. Qb3 Bg4 15. Nd4 Nbd7 16. h3 Nc5 17. Qb5 Qxb5 18. Ndxb5 Bf5 19. d6 e6 20. Rad1 Ncd3 21. Bxe5 Nxe5 22. Rfe1 Rfd8 23. Re2 a6 24. Nd4 Rxd6 25. Nxf5 Rxd1+ 26. Nxd1 gxf5 27. Bxb7 Rb8 28. Bxa6 Rb6 29. Bc8 Kf8 30. a4 Rc6 31. Bb7 Rc1 32. Re1 Nd3 33. Rf1 Nc5 34. Bc6 Nb3 35. Nc3 Rc2 36. Bb5 Rxb2 37. Ne2 Nd4 38. Nxd4 Bxd4 39. g4 fxg4 40. hxg4 Kg7 41. Kg2 Kf6 42. Bd3 Ra2 43. Bxh7 Kg5 44. Bb1 Rxa4 45. f3 Ra3 46. Rd1 Be5 47. Rd7 Rb3 48. Bc2 Rb2 49. Rd2 Kh4 50. Re2 Bf4 51. Bd3 Rb3 52. Bh7 Ra3 53. Be4 Kg5 54. Rc2 Be3 55. Rc7 Ra2+ 56. Rc2 Ra7 57. Kg3 Ra1 58. Kg2 Rg1+ 59. Kh2 Re1 60. Kg2 Kf4 61. Ra2 f5 1/2-1/2

[Event "EU-ch 4th"]
[Site "?"]
[Date "2003.05.30"]
[Round "1"]
[White "Tregubov Pavel V"]
[Black "Nedev Trajce"]
[Result "1-0"]
[WhiteElo "2632"]
[BlackElo "2518"]
[PlyCount "133"]
[EventDate "2003.??.??"]
[Source "www.chesslib.no"]
[SourceDate "2004.05.04"]

1. d4 Nf6 2. c4 g6 3. g3 d5 4. cxd5 Nxd5 5. Bg2 Bg7 6. Nf3 Nb6 7. Nc3 Nc6 8. O-O Nxd4 9. Nxd4 Qxd4 10. Qxd4 Bxd4 11. Nb5 Be5 12. Bf4 Bxf4 13. gxf4 O-O 14. Nxc7 Rb8 15. a4 Bd7 16. a5 Nc8 17. Rfd1 Bc6 18. Rac1 Nd6 19. Bxc6 bxc6 20. Rd2 Ne4 21. Rd4 Nd6 22. b4 Rfc8 23. Na6 Rb5 24. e4 f6 25. Nc5 Kf7 26. e5 Nf5 27. Rd7 Rxb4 28. e6+ Ke8 29. Rxa7 Nd4 30. Kf1 Nb5 31. Rb7 Rxf4 32. a6 Nd6 33. Rb3 Rc4 34. Rxc4 Nxc4 35. Kg2 Nd6 36. a7 Nb5 37. Rxb5 cxb5 38. Na6 Kd8 39. Nb8 Kc7 40. a8=Q Rxb8 41. Qa7+ Rb7 42. Qc5+ Kb8 43. Qb4 Kc8 44. Kf3 Kb8 45. Ke4 Ka7 46. Kd5 Kb8 47. Kd4 Ka7 48. Kc3 Rc7+ 49. Kb3 Kb6 50. Qd4+ Kb7 51. Qd8 g5 52. Qh8 Kc6 53. Qd8 h6 54. Kb4 Rb7 55. Qd4 Kc7 56. Qd7+ Kb8 57. Qd8+ Ka7 58. Qh8 Rb6 59. Qe8 Rb7 60. Qg6 Rb6 61. Qf7 Rb7 62. Qh7 Kb6 63. Qxh6 Kc6 64. f4 Kd6 65. fxg5 fxg5 66. Qxg5 Kxe6 67. Qg4+ 1-0

[Event "Leon 83/454"]
[Site "?"]
[Date "2001.??.??"]
[Round "?"]
[White "Huebner, R."]
[Black "Mikhalchishin, A."]
[Result "1/2-1/2"]
[WhiteElo "2612"]
[BlackElo "2533"]
[PlyCount "82"]
[EventDate "2001.??.??"]
[Source "Chess Informant"]
[SourceDate "2001.10.01"]

1. d4 Nf6 2. c4 g6 3. g3 Bg7 4. Bg2 d5 5. cxd5 Nxd5 6. e4 Nb4 7. d5 c6 8. Ne2 cxd5 9. exd5 O-O 10. O-O Nd7 11. Nbc3 Ne5 12. Qb3 Nbd3 13. Be3 Ng4 14. Bd2 e6 15. h3 Nge5 16. Nf4 Nc5 17. Qb4 b6 18. b3 exd5 19. Ncxd5 g5 20. Nh5 Bxh3 21. Bxh3 Nf3+ 22. Kh1 Qxd5 23. Nxg7 Qxd2 24. Qg4 Ne5 25. Qf5 Kxg7 26. Qxe5+ f6 27. Qf5 Rad8 28. Rae1 Rfe8 29. Rxe8 Rxe8 30. Bg2 Re1 31. Rxe1 Qxe1+ 32. Kh2 Qd2 33. f4 h6 34. Kh3 Qd3 35. Qc8 h5 36. fxg5 fxg5 37. Kh2 Qd7 38. Qb8 Qe7 39. Bd5 Qe2+ 40. Bg2 Qe7 41. Bd5 Qe2+ 1/2-1/2

[Event "YUG team ch."]
[Site "?"]
[Date "2002.??.??"]
[Round "?"]
[White "Tregubov Pavel V"]
[Black "Ivanisevic Ivan"]
[Result "1/2-1/2"]
[WhiteElo "2595"]
[BlackElo "2550"]
[PlyCount "56"]
[EventDate "2002.??.??"]
[Source "www.chesslib.no"]
[SourceDate "2004.05.04"]

1. d4 Nf6 2. c4 g6 3. g3 c6 4. Bg2 d5 5. cxd5 cxd5 6. Nc3 Bg7 7. Nf3 Ne4 8. Ne5 Nxc3 9. bxc3 O-O 10. Qb3 Nc6 11. O-O Nxe5 12. dxe5 Bxe5 13. Bxd5 Qc7 14. Bh6 Bg7 15. Bf4 Be5 16. Bxe5 Qxe5 17. Rfd1 Rb8 18. Rd3 b5 19. Rad1 e6 20. Bf3 Bb7 21. Qb4 Bxf3 22. exf3 a5 23. Qxa5 Ra8 24. Qb4 Rxa2 25. Rd8 Rxd8 26. Rxd8+ Kg7 27. Qf8+ Kf6 28. Kg2 Qe3 1/2-1/2

[Event "BRA-ch"]
[Site "Sao Paolo"]
[Date "2001.12.19"]
[Round "3"]
[White "Lima, Darcy"]
[Black "Vescovi, Giovanni P"]
[Result "1/2-1/2"]
[WhiteElo "2543"]
[BlackElo "2585"]
[PlyCount "29"]
[EventDate "2001.12.17"]
[Source "ChessBase"]
[SourceDate "2002.01.21"]

1. g3 Nf6 2. Bg2 d5 3. d4 g6 4. c4 c6 5. cxd5 cxd5 6. Nc3 Bg7 7. Nh3 O-O 8. Nf4 Nc6 9. O-O e6 10. e3 b6 11. b3 Ba6 12. Ba3 Bxf1 13. Bxf8 Bxg2 14. Bxg7 Kxg7 15. Kxg2 1/2-1/2

[Event "RUS-Cup06"]
[Site "Nizhnij Novgorod"]
[Date "1998.07.06"]
[Round "8"]
[White "Fominyh, Alexander"]
[Black "Dvoirys, Semen I"]
[Result "1/2-1/2"]
[WhiteElo "2530"]
[BlackElo "2585"]
[PlyCount "38"]
[EventDate "1998.06.29"]
[Source "www.chesslib.no"]
[SourceDate "2004.05.04"]

1. d4 Nf6 2. c4 g6 3. Nf3 Bg7 4. g3 d5 5. cxd5 Nxd5 6. Bg2 Nb6 7. O-O Nc6 8. Nc3 Bg4 9. d5 Na5 10. Bf4 Bxc3 11. bxc3 Qxd5 12. Bxc7 Qxd1 13. Rfxd1 Rc8 14. Bxb6 axb6 15. Rd4 Be6 16. Rb4 Rxc3 17. Rxb6 O-O 18. Nd4 Bc4 19. Nb3 Nxb3 1/2-1/2

[Event "Russia (ch)"]
[Site "?"]
[Date "1995.??.??"]
[Round "?"]
[White "Fominyh, A."]
[Black "Krasenkov, M."]
[Result "1/2-1/2"]
[WhiteElo "2515"]
[BlackElo "2590"]
[PlyCount "57"]
[EventDate "1995.??.??"]
[Source "ChessBase"]
[SourceDate "1995.10.01"]

1. d4 Nf6 2. Nf3 g6 3. c4 Bg7 4. g3 d5 5. cxd5 Nxd5 6. Bg2 Nb6 7. Nc3 Nc6 8. O-O Nxd4 9. Nxd4 Qxd4 10. Nb5 Qc4 11. a4 O-O 12. b3 Qg4 13. Be3 Qd7 14. Qxd7 Bxd7 15. Nxc7 Rac8 16. Rac1 Bb2 17. Rb1 Rxc7 18. Rxb2 Be6 19. Rd1 Nc8 20. h4 b6 21. Bh6 Re8 22. Bf4 Rc3 23. b4 Nd6 24. Bxd6 Rd8 25. Rbd2 Rxd6 26. Rxd6 exd6 27. Rxd6 Rc1+ 28. Kh2 Rc2 29. a5 1/2-1/2